000 00525nam a22002057a 4500
001 BD-DhSAU 3363
003 BD-DhSAU
005 20180307093205.0
008 150205b2018 bg a|||| |||| 00| 0 eng d
020 _a9789843380869
040 _aBD-DhSAU
082 _222
_a821
_bR929
100 _aRustom, Jahangir Alam
245 _aLove in life /
_c Jahangir Alam Rustom
260 _aDhaka :
_bTumpa Prokashoni ,
_cc2018.
300 _a60 p. :
_c28 cm.
590 _aKamim
650 _aEnglsh - Poetry
942 _2ddc
_cBOOK
999 _c14230
_d14229